| 000 | 02139namaa2200469uu 4500 | ||
|---|---|---|---|
| 001 | doab134734 | ||
| 003 | oapen | ||
| 005 | 20260218110444.0 | ||
| 006 | m o d | ||
| 007 | cr|mn|---annan | ||
| 008 | 240224s2024 xx |||||o ||| 0|eng d | ||
| 020 | _a9783110753516 | ||
| 020 | _a9783110753523 | ||
| 020 | _a9783110753523 | ||
| 020 | _a9783110753615 | ||
| 024 | 7 |
_a10.1515/9783110753523 _2doi |
|
| 040 |
_aoapen _coapen _d |
||
| 041 | 0 | _aeng | |
| 042 | _adc | ||
| 720 | 1 |
_aGallego Cuiñas, Ana _4edt |
|
| 245 | 0 | 0 |
_aHumanities and Big Data in Ibero-America _bTheory, methodology and practical applications |
| 260 |
_aBerlin/Boston _bDe Gruyter _c2024 |
||
| 300 | _a1 online resource (237 p.) | ||
| 336 |
_atext _btxt _2rdacontent |
||
| 337 |
_acomputer _bc _2rdamedia |
||
| 338 |
_aonline resource _bcr _2rdacarrier |
||
| 490 | 1 | _aHumanidades Digitales y Big Data en Iberoamérica / Digital Humanities and Big Data in Ibero-America | |
| 506 | 0 |
_fUnrestricted online access _2star |
|
| 520 | _aThis volume presents the first comprehensive study on the relationship between the Human Sciences and Big Data, with special emphasis on the Ibero-American space. The volume is divided into three parts (theoretical, methodological and practical) with an interdisciplinary vision that integrates thought, culture, language, literature, theoretical criticism, society or the use of new bibliometric techniques. | ||
| 540 |
_aCreative Commons _fby-nc-nd/4.0 _2cc _uhttp://creativecommons.org/licenses/by-nc-nd/4.0 |
||
| 546 | _aEnglish | ||
| 650 | 7 |
_aCultural studies _2bicssc |
|
| 650 | 7 |
_aLibrary and information sciences / Museology _2bicssc |
|
| 650 | 7 |
_aLiterary studies: general _2bicssc |
|
| 650 | 7 |
_aLiterature: history and criticism _2bicssc |
|
| 720 | 1 |
_aGallego Cuiñas, Ana _4oth |
|
| 720 | 1 |
_aTorres-Salinas, Daniel _4edt |
|
| 720 | 1 |
_aTorres-Salinas, Daniel _4oth |
|
| 793 | 0 | _aDOAB Library. | |
| 856 |
_uhttps://docs.google.com/spreadsheets/d/1yKIrdCPDAG_9c22mwoOIO2DOhtj65Wqa/edit?usp=sharing&ouid=106555315294820607512&rtpof=true&sd=true _yList of Curated E-Books |
||
| 942 | _cE-BOOK | ||
| 999 |
_c81267 _d81266 |
||